To najcennejšie

Bibliographic Details
Main Author: Beňová, Emily D., 1985- (Author)
Format: Book
Language:Slovak
PhysicalDescription:368 strán 22 cm
Published: [Slanské Nové Mesto] Emília Beňová 2024
ISBN:9788069026070
Edition:Prvé vydanie
Subjects:

MARC

LEADER 00000cam a2200000 4500
001 vtls012263751
003 SK-MaSNL
005 20260301110007.0
008 240918s2024 xo e 010 f slo
015 |a SNBA2024/10 
020 |a 9788069026070  |q (viazané) 
040 |a SNK  |b slo  |c SNK  |e rda 
041 0 |a slo 
044 |a xo  |c SK 
072 7 |a 821.162.4-3  |x Slovenská próza  |2 konspekt 
080 |a 821.162.4-31  |2 2011 
080 |a (0:82-312.5)  |2 2011 
100 1 |a Beňová, Emily D.,  |d 1985-  |4 aut  |9 55310 
245 1 0 |a To najcennejšie  |c Emily D. Beňová 
250 |a Prvé vydanie 
264 1 |a [Slanské Nové Mesto]  |b Emília Beňová  |c 2024 
300 |a 368 strán  |c 22 cm 
336 |a text  |b txt  |2 rdacontent 
337 |a bez média  |b n  |2 rdamedia 
338 |a zväzok  |b nc  |2 rdacarrier 
500 |a Miesto vydania podľa NA ISBN 
500 |a Údaj o sérii z externého zdroja 
655 7 |a slovenské romány  |2 SNKPH  |9 70324 
655 7 |a Love novels  |2 SNKPHeng  |9 277756 
655 7 |a ľúbostné romány  |2 SNKPH  |9 70497 
655 7 |a Slovak fiction  |2 SNKPHeng  |9 277096 
787 0 8 |i Zo série:  |t To naj...  |g 1 
852 |a Slovenská národná knižnica 
919 |a 978-80-69026-07-0 
954 |a beletria pôvodná (slovenská)  |2 lita 
958 |a LX 
964 9 |a Emília Beňová (Slanské Nové Mesto, Slovensko) 
999 |c 702129  |d 704059 
952 |a SNK  |b SNK  |y PREZ  |7 0  |p 17A1553916  |o snkSC 207818 D1  |i snk2024/16079  |8 3  |g 12.35  |0 0  |1 0  |4 0  |d 2024-10-18  |l 0  |r 2026-02-23 21:02:36  |w 2026-02-23 
952 |a SNK  |b SNK  |y PREZ  |7 0  |p 17A1552491  |o snkSC 207818  |i snk2024/14344  |8 0  |0 0  |1 0  |4 0  |d 2024-09-18  |l 0  |r 2025-10-31 00:00:00  |w 2026-02-23